[Event "BCF-ch 92nd"]
[Site "Douglas IOM"]
[Date "2005.08.02"]
[Round "2.20"]
[White "Chaplin, Peter"]
[Black "Surtees, Mike"]
[Result "0-1"]
[WhiteElo "2062"]
[BlackElo "2142"]
[PlyCount "110"]
[EventDate "2005.08.01"]

1. Nf3 f6 2. e4 c6 3. d4 d5 4. exd5 cxd5 5. c4 e6 6. Nc3 Nc6 7. Bd3 Bb4 8. O-O
Nge7 9. a3 Bd6 10. Qc2 g5 11. cxd5 exd5 12. Re1 Kf8 13. Be3 a6 14. Rad1 Bg4 15.
Be2 Bf5 16. Bd3 Bxd3 17. Qxd3 h6 18. Bd2 b5 19. Re6 Kf7 20. Rde1 Qd7 21. g3 Nd8
22. R6e2 Qc6 23. h4 Qc4 24. Qb1 g4 25. h5 Ndc6 26. b3 Qxe2 27. Rxe2 gxf3 28.
Re1 Nxd4 29. Qd3 Be5 30. Be3 Ne6 31. Bb6 Bxc3 32. Qxc3 Ng5 33. Qc7 Rhe8 34. Be3
Rac8 35. Qf4 Rc3 36. Bd4 Rc6 37. Rc1 Rxc1+ 38. Qxc1 Rc8 39. Qf4 Rc6 40. Kh2 Re6
41. Be3 Re5 42. Qg4 Re4 43. Qd7 Ne6 44. Bxh6 d4 45. Bf4 Nc5 46. Qd6 Nd3 47. h6
Nxf2 48. h7 Ng4+ 49. Kh3 f2 50. Kxg4 f1=Q 51. Qxe7+ Rxe7 52. h8=Q Qd1+ 53. Kf5
Qd3+ 54. Kg4 Qg6+ 55. Kf3 d3 0-1

[Event "BCF-ch 92nd"]
[Site "Douglas IOM"]
[Date "2005.08.02"]
[Round "2.21"]
[White "Hall, Daniel J"]
[Black "Taylor, Geoffrey"]
[Result "1-0"]
[WhiteElo "2037"]
[BlackElo "2135"]
[PlyCount "89"]
[EventDate "2005.08.01"]

1. e4 c5 2. Nf3 Nc6 3. c4 g6 4. Nc3 Bg7 5. g3 d6 6. Bg2 e6 7. O-O Nge7 8. d3
O-O 9. Be3 Nd4 10. Bxd4 cxd4 11. Ne2 e5 12. Nh4 g5 13. Nf3 Ng6 14. Ne1 Be6 15.
Nc2 Kh8 16. Nb4 f5 17. exf5 Bxf5 18. Nd5 Qd7 19. Qd2 Rf7 20. Rac1 Rc8 21. b4 b6
22. b5 Rcf8 23. a4 Bh3 24. Qxg5 Bxg2 25. Kxg2 Rf3 26. Rcd1 R3f5 27. Qd2 Rh5 28.
Ng1 Bh6 29. Qe2 Rhf5 30. a5 bxa5 31. Ra1 Qd8 32. Qe1 Qg5 33. Rxa5 Nf4+ 34. Nxf4
exf4 35. Rxa7 fxg3 36. hxg3 Re5 37. Qa1 Bg7 38. Ra8 Ref5 39. Rxf8+ Rxf8 40. Qe1
Qc5 41. Qe4 Qb4 42. Nh3 Qd2 43. Nf4 Rf6 44. Nh5 d5 45. Qxd5 1-0

[Event "BCF-ch 92nd"]
[Site "Douglas IOM"]
[Date "2005.08.02"]
[Round "2.22"]
[White "Waters, Michael"]
[Black "Fraser, Joseph"]
[Result "1-0"]
[WhiteElo "2125"]
[BlackElo "1959"]
[PlyCount "99"]
[EventDate "2005.08.01"]

1. c4 e5 2. Nc3 Nc6 3. g3 g6 4. Bg2 Bg7 5. e3 d6 6. Nge2 f5 7. O-O Nf6 8. d4
O-O 9. Rb1 g5 10. b4 Qe8 11. b5 Ne7 12. f4 gxf4 13. exf4 e4 14. d5 Qf7 15. a4
Rd8 16. Ba3 c6 17. dxc6 bxc6 18. c5 d5 19. Nd4 Ng4 20. Qd2 Bxd4+ 21. Qxd4 Qf6
22. Ne2 Bd7 23. Bb2 Qxd4+ 24. Bxd4 Rab8 25. b6 Rb7 26. a5 a6 27. h3 Nh6 28. Be5
Ra8 29. Rfd1 Ng6 30. Bd6 Nf7 31. Bc7 Nf8 32. Nd4 Ne6 33. Nxe6 Bxe6 34. Kf2 Bd7
35. Bf1 Nh8 36. Ke3 Ng6 37. Be2 Kf7 38. g4 Nf8 39. Rbc1 Ne6 40. Be5 Nf8 41. Rg1
Ng6 42. Bc7 Ne7 43. Rg2 d4+ 44. Kd2 Be6 45. Be5 Ng6 46. gxf5 Bxf5 47. Bxd4 Kf8
48. Bc4 Bxh3 49. Rg5 Re7 50. f5 1-0

[Event "BCF-ch 92nd"]
[Site "Douglas IOM"]
[Date "2005.08.02"]
[Round "2.23"]
[White "Ilett, Raymond"]
[Black "Cumbers, Paul"]
[Result "0-1"]
[WhiteElo "1824"]
[BlackElo "2118"]
[PlyCount "58"]
[EventDate "2005.08.01"]

1. d4 Nf6 2. c4 c5 3. d5 e6 4. Nc3 exd5 5. cxd5 d6 6. Nf3 g6 7. e4 Bg7 8. Bd3
a6 9. a4 Bg4 10. h3 Bxf3 11. Qxf3 O-O 12. O-O Nbd7 13. Qe2 Qe7 14. Be3 Rfe8 15.
f3 Nh5 16. Kh2 f5 17. Qd2 f4 18. Bf2 Be5 19. Ne2 Rf8 20. Rab1 a5 21. Bb5 Ndf6
22. Rg1 Nxe4 23. fxe4 f3+ 24. g3 fxe2 25. Qxe2 Rf7 26. Rbf1 Qh4 27. Qe3 Raf8
28. Be1 Nf6 29. Bd3 Ng4+ 0-1

[Event "BCF-ch 92nd"]
[Site "Douglas IOM"]
[Date "2005.08.03"]
[Round "3.2"]
[White "Jessel, Stephen"]
[Black "Pert, Richard"]
[Result "0-1"]
[WhiteElo "2285"]
[BlackElo "2424"]
[PlyCount "82"]
[EventDate "2005.08.01"]

1. e4 c5 2. Nf3 d6 3. d4 cxd4 4. Nxd4 Nf6 5. Nc3 g6 6. Be3 Bg7 7. f3 Nc6 8. Qd2
O-O 9. O-O-O d5 10. Kb1 Nxd4 11. e5 Nf5 12. exf6 exf6 13. Bc5 d4 14. Bxf8 Qxf8
15. Nb5 Be6 16. Nxd4 Rd8 17. c3 Nxd4 18. cxd4 f5 19. Qc3 Qd6 20. Qa3 Qb6 21.
Be2 Bxd4 22. Rd2 Rc8 23. Rhd1 Bf6 24. Rc2 Rxc2 25. Kxc2 Qf2 26. Rd2 Bg5 27. f4
Qxf4 28. Rd1 Qe4+ 29. Bd3 Qxg2+ 30. Kb1 Bf6 31. Bc2 a6 32. Qd6 Bxa2+ 33. Kxa2
Qxc2 34. Rd2 Qc4+ 35. Kb1 Kg7 36. Rc2 Qe4 37. Qd2 f4 38. Ka2 f3 39. Qd1 Qe3 40.
Qf1 Bd4 41. Rc7 Bxb2 0-1

[Event "BCF-ch 92nd"]
[Site "Douglas IOM"]
[Date "2005.08.03"]
[Round "3.3"]
[White "Mason, Don"]
[Black "Gordon, Stephen"]
[Result "1/2-1/2"]
[WhiteElo "2265"]
[BlackElo "2390"]
[PlyCount "207"]
[EventDate "2005.08.01"]

1. e4 c5 2. c3 d5 3. exd5 Qxd5 4. d4 Nf6 5. Nf3 e6 6. Be3 cxd4 7. cxd4 Bb4+ 8.
Nc3 O-O 9. Bd3 b6 10. O-O Bxc3 11. bxc3 Bb7 12. c4 Qc6 13. Re1 Nbd7 14. Bf1 Qd6
15. Rb1 Ng4 16. Ne5 Ndxe5 17. dxe5 Qxd1 18. Rexd1 Nxe3 19. fxe3 Rfc8 20. Rd7
Bc6 21. Rd6 Be8 22. Rb3 Rab8 23. Ra3 Rb7 24. Kf2 Kf8 25. Kg3 Rc5 26. Kf4 f6 27.
Rxe6 Bd7 28. Rd6 Rxe5 29. Bd3 h6 30. Rd4 Rc7 31. Kf3 Ke7 32. Be4 Be6 33. Bd5
Rf5+ 34. Ke2 Bxd5 35. cxd5 Kd6 36. e4 Re5 37. Kd3 f5 38. Rda4 fxe4+ 39. Ke3 Rc2
40. Rxa7 Rxg2 41. Rb3 Rxh2 42. Rxb6+ Kc5 43. Re6 Kxd5 44. Rxe5+ Kxe5 45. Rxg7
Rh3+ 46. Ke2 Ra3 47. Re7+ Kf4 48. Rf7+ Kg4 49. Rg7+ Kh4 50. Rg1 h5 51. Rh1+ Kg4
52. Rg1+ Kf4 53. Rf1+ Ke5 54. Rh1 Rxa2+ 55. Ke3 Ra3+ 56. Ke2 h4 57. Rxh4 Kd4
58. Rh8 Ra2+ 59. Ke1 Kd3 60. Re8 Ke3 61. Kf1 Ra1+ 62. Kg2 Re1 63. Ra8 Rd1 64.
Re8 Rd2+ 65. Kf1 Rf2+ 66. Ke1 Rh2 67. Kf1 Rh1+ 68. Kg2 Rh5 69. Kf1 Rd5 70. Re7
Rd1+ 71. Kg2 Rd4 72. Kf1 Rd1+ 73. Kg2 Rd8 74. Kf1 Rf8+ 75. Ke1 Rh8 76. Kf1 Kd3
77. Rd7+ Ke3 78. Re7 Rh1+ 79. Kg2 Re1 80. Ra7 Rd1 81. Re7 Kd3 82. Kf2 Rd2+ 83.
Kf1 Rh2 84. Rd7+ Ke3 85. Re7 Rh3 86. Re8 Rh4 87. Ra8 Kf3 88. Rf8+ Ke3 89. Ra8
Rh1+ 90. Kg2 Rd1 91. Re8 Rd4 92. Kf1 Kd2 93. Kf2 Kd3 94. Re7 Rd5 95. Re8 Rf5+
96. Ke1 Ke3 97. Re7 Kf3 98. Kf1 Rh5 99. Rf7+ Ke3 100. Re7 Rh4 101. Re8 Rf4+
102. Ke1 Kf3 103. Kf1 e3 104. Ke1 1/2-1/2

[Event "BCF-ch 92nd"]
[Site "Douglas IOM"]
[Date "2005.08.03"]
[Round "3.5"]
[White "Conquest, Stuart"]
[Black "Hodgson, John"]
[Result "1-0"]
[WhiteElo "2503"]
[BlackElo "2225"]
[PlyCount "81"]
[EventDate "2005.08.01"]

1. e4 c5 2. Ne2 g6 3. c4 Bg7 4. d4 cxd4 5. Nxd4 Nc6 6. Nc2 Nf6 7. Nc3 O-O 8.
Be2 d6 9. O-O Nd7 10. Bd2 Nc5 11. b4 Ne6 12. Rb1 Ncd4 13. Nxd4 Nxd4 14. Bd3 Bd7
15. Re1 Rc8 16. a4 Kh8 17. Rc1 a5 18. b5 b6 19. Bg5 Ne6 20. Bh4 Bxc3 21. Rxc3
f6 22. Qd2 Nc5 23. Bc2 Qe8 24. f4 Be6 25. Qe2 Nd7 26. Bb3 Rc7 27. Qf1 Rg8 28.
Bf2 Nc5 29. Bc2 Qa8 30. Bd4 Rgc8 31. Qf2 Qa7 32. Qh4 Kg8 33. f5 Bf7 34. Rh3 h5
35. fxg6 Bxg6 36. Rg3 Kf7 37. Rxg6 Kxg6 38. e5+ f5 39. exd6 exd6 40. Bxf5+ Kf7
41. Qxh5+ 1-0

[Event "BCF-ch 92nd"]
[Site "Douglas IOM"]
[Date "2005.08.03"]
[Round "3.6"]
[White "Ashton, Adam"]
[Black "Ward, Chris"]
[Result "0-1"]
[WhiteElo "2294"]
[BlackElo "2485"]
[PlyCount "162"]
[EventDate "2005.08.01"]

1. e4 c5 2. Nf3 d6 3. d4 cxd4 4. Nxd4 Nf6 5. Nc3 a6 6. Bc4 g6 7. Bb3 Bg7 8. f3
Nbd7 9. Be3 b5 10. Qd2 Bb7 11. Bh6 Bxh6 12. Qxh6 Rc8 13. O-O-O Rxc3 14. bxc3
Qc7 15. Kb2 Ne5 16. Rhe1 Nfd7 17. f4 Nc4+ 18. Bxc4 Qxc4 19. Qg7 Rf8 20. e5 Bd5
21. Nb3 dxe5 22. fxe5 Nb6 23. Re3 Qf4 24. Red3 e6 25. g3 Qxe5 26. Qxe5 Nc4+ 27.
Kc1 Nxe5 28. Re3 Ng4 29. Ree1 Nf6 30. Nc5 Ke7 31. Nxa6 Rc8 32. Nb4 Bc4 33. Rd4
Rc5 34. Red1 Nd5 35. Kb2 f5 36. h4 Kf6 37. Nd3 Rc6 38. Re1 Bxd3 39. Rxd3 h6 40.
Kb3 g5 41. hxg5+ hxg5 42. Rh1 Ke5 43. Rh8 Ke4 44. Rb8 f4 45. gxf4 gxf4 46. Rxb5
f3 47. Rb8 e5 48. Rf8 Nf4 49. Rd1 f2 50. c4 Kf3 51. Kb4 Ke2 52. Ra1 Rg6 53. Rh1
Rh6 54. Ra1 Rg6 55. Rh1 Rg1 56. Rh2 Rb1+ 57. Kc3 Ke3 58. Rxf2 Kxf2 59. Rf5 Re1
60. c5 Kg3 61. c6 Nd5+ 62. Kd2 Re4 63. Kd3 Rd4+ 64. Ke2 Nf4+ 65. Ke3 Ng2+ 66.
Ke2 e4 67. Rg5+ Kh2 68. Rc5 e3 69. c7 Rd2+ 70. Kf3 e2 71. c8=Q e1=Q 72. Rh5+
Kg1 73. Qc5+ Rf2+ 74. Kg3 Ne3 75. Rg5 Kf1 76. Qb5+ Re2+ 77. Kh3 Kf2 78. Qb7
Qf1+ 79. Kh4 Ng2+ 80. Kh5 Qh1+ 81. Kg4 Qf1 0-1

[Event "BCF-ch 92nd"]
[Site "Douglas IOM"]
[Date "2005.08.03"]
[Round "3.7"]
[White "Knott, Simon"]
[Black "Eggleston, David"]
[Result "1/2-1/2"]
[WhiteElo "2382"]
[BlackElo "2138"]
[PlyCount "59"]
[EventDate "2005.08.01"]

1. Nf3 d5 2. d4 e6 3. c4 Nf6 4. Nc3 Be7 5. Bg5 O-O 6. e3 h6 7. Bh4 Ne4 8. Bxe7
Qxe7 9. Rc1 c6 10. Bd3 Nxc3 11. Rxc3 dxc4 12. Bxc4 Nd7 13. O-O b6 14. Bd3 c5
15. Qc2 Bb7 16. Bh7+ Kh8 17. Be4 Bxe4 18. Qxe4 cxd4 19. Qxd4 Rac8 20. Rfc1 Rxc3
21. Qxc3 a5 22. Qc7 Qd8 23. Kf1 Nc5 24. Qxd8 Rxd8 25. Ke2 Kg8 26. Ne5 Kf8 27.
Nc4 Nd7 28. b3 Rc8 29. Rd1 Rc7 30. a4 1/2-1/2

[Event "BCF-ch 92nd"]
[Site "Douglas IOM"]
[Date "2005.08.03"]
[Round "3.8"]
[White "Rayner, Francis"]
[Black "Morrison, Graham"]
[Result "1/2-1/2"]
[WhiteElo "2216"]
[BlackElo "2322"]
[PlyCount "98"]
[EventDate "2005.08.01"]

1. e4 c5 2. Nf3 e6 3. d4 cxd4 4. Nxd4 Nf6 5. Nc3 d6 6. Be3 Be7 7. Bc4 O-O 8.
O-O Nc6 9. Bb3 a6 10. a4 Bd7 11. Qe2 Na5 12. Ba2 Rc8 13. f3 Qc7 14. Kh1 Nc4 15.
Bxc4 Qxc4 16. Qd3 Qc7 17. a5 h6 18. f4 Rfe8 19. f5 e5 20. Nde2 Qc4 21. Ng3 Qxd3
22. cxd3 Rc6 23. h3 Rec8 24. Nge2 Bd8 25. g4 Rb8 26. g5 hxg5 27. Bxg5 Ne8 28.
Bxd8 Rxd8 29. Rg1 Kf8 30. Rg5 Rdc8 31. h4 Rc5 32. Rag1 Rxa5 33. h5 Bc6 34. f6
Nxf6 35. Rxg7 Ke7 36. Ng3 Bd7 37. Rf1 Be6 38. Nf5+ Bxf5 39. Rxf5 Ke6 40. Kg2
Rac5 41. Kg3 Rh8 42. Kh4 b5 43. Rg2 b4 44. Ne2 Rcc8 45. Rgf2 Rh6 46. Ng3 Rg8
47. Rg5 Rhh8 48. Rgf5 Rh6 49. Rg5 Rhh8 1/2-1/2

[Event "BCF-ch 92nd"]
[Site "Douglas IOM"]
[Date "2005.08.03"]
[Round "3.9"]
[White "Rowson, Jonathan"]
[Black "Nixon, Thomas"]
[Result "1-0"]
[WhiteElo "2599"]
[BlackElo "2195"]
[PlyCount "41"]
[EventDate "2005.08.01"]

1. d4 d5 2. Bf4 Nf6 3. e3 e6 4. Nd2 b6 5. c3 Be7 6. Ngf3 Nbd7 7. Ne5 Nxe5 8.
dxe5 Nd7 9. h4 c5 10. Qg4 Bf8 11. e4 Bb7 12. exd5 exd5 13. Bd3 Qe7 14. O-O
O-O-O 15. Rfe1 h6 16. e6 fxe6 17. Rxe6 Qf7 18. Rae1 h5 19. Qg3 g5 20. Bxg5 Rg8
21. Qh3 1-0

[Event "BCF-ch 92nd"]
[Site "Douglas IOM"]
[Date "2005.08.03"]
[Round "3.10"]
[White "Mitchell, Martin"]
[Black "Emms, John"]
[Result "0-1"]
[WhiteElo "2172"]
[BlackElo "2509"]
[PlyCount "66"]
[EventDate "2005.08.01"]

1. d4 Nf6 2. c4 e6 3. Nc3 Bb4 4. e3 O-O 5. Nge2 d5 6. a3 Bd6 7. c5 Be7 8. b4 b6
9. Bd2 c6 10. Nf4 Nbd7 11. Be2 e5 12. Nd3 exd4 13. exd4 Ne4 14. Nxe4 dxe4 15.
Nf4 Nf6 16. Be3 g5 17. Nh5 Nxh5 18. Bxh5 f5 19. f4 Be6 20. O-O h6 21. Be2 Bf6
22. g3 bxc5 23. bxc5 Rb8 24. Qa4 Rb3 25. Bc4 Bxc4 26. Qxc4+ Qd5 27. Qxd5+ cxd5
28. Kf2 Rb2+ 29. Ke1 gxf4 30. gxf4 Rfb8 31. Rc1 R8b3 32. Bd2 e3 33. Rg1+ Kf7
0-1

[Event "BCF-ch 92nd"]
[Site "Douglas IOM"]
[Date "2005.08.03"]
[Round "3.11"]
[White "Williams, Simon"]
[Black "Eggleston, Thomas"]
[Result "1/2-1/2"]
[WhiteElo "2461"]
[BlackElo "2166"]
[PlyCount "94"]
[EventDate "2005.08.01"]

1. d4 e6 2. c4 f5 3. g3 Nf6 4. Bg2 Be7 5. Nf3 O-O 6. O-O Ne4 7. Nc3 Bf6 8. Ne1
Nxc3 9. bxc3 d6 10. e4 Nc6 11. exf5 exf5 12. Rb1 Na5 13. Qa4 c6 14. Nd3 Be6 15.
d5 Bd7 16. c5 cxd5 17. Bxd5+ Kh8 18. Qf4 dxc5 19. Nxc5 Rc8 20. Ba3 Re8 21. Rfd1
Be5 22. Qf3 b6 23. Be6 Rxe6 24. Nxe6 Qe8 25. Nd4 Nc4 26. Bc1 Bxd4 27. cxd4 Ba4
28. Rf1 Bc2 29. Ra1 Be4 30. Qd1 Qc6 31. f3 Bd5 32. Bf4 Re8 33. Rc1 Qf6 34. Qd3
Qe6 35. Rfe1 Qxe1+ 36. Rxe1 Rxe1+ 37. Kf2 Ra1 38. Qxf5 Rxa2+ 39. Kg1 Bg8 40.
Bh6 Ra1+ 41. Kg2 Ra2+ 42. Kg1 Ra1+ 43. Kf2 Ra2+ 44. Ke1 Ra1+ 45. Ke2 Ra2+ 46.
Kd1 Ra1+ 47. Kc2 Ra2+ 1/2-1/2

[Event "BCF-ch 92nd"]
[Site "Douglas IOM"]
[Date "2005.08.03"]
[Round "3.12"]
[White "Greet, Andrew"]
[Black "Surtees, Mike"]
[Result "1-0"]
[WhiteElo "2425"]
[BlackElo "2142"]
[PlyCount "69"]
[EventDate "2005.08.01"]

1. d4 c6 2. Nf3 f6 3. e4 d5 4. exd5 cxd5 5. c4 e6 6. Nc3 Nc6 7. Bd3 Bb4 8. a3
Ba5 9. O-O Nge7 10. Re1 O-O 11. Qe2 Bc7 12. b4 a6 13. Bc2 h6 14. Qd3 f5 15. Bb3
Kh8 16. Ra2 dxc4 17. Bxc4 Nd5 18. Rae2 Nce7 19. Ne5 Bxe5 20. dxe5 Nxc3 21. Qxc3
Qc7 22. Qb3 Nc6 23. Bb2 Qe7 24. Rd2 b5 25. Bf1 Bb7 26. Red1 Nd8 27. Rd7 Qh4 28.
Qg3 Qxg3 29. hxg3 Bd5 30. Be2 Rf7 31. Rd6 Rc7 32. Bf3 Nf7 33. Bxd5 exd5 34.
R6xd5 Rc2 35. e6 1-0

[Event "BCF-ch 92nd"]
[Site "Douglas IOM"]
[Date "2005.08.03"]
[Round "3.13"]
[White "Haslinger, Stewart"]
[Black "Waters, Michael"]
[Result "1-0"]
[WhiteElo "2412"]
[BlackElo "2125"]
[PlyCount "45"]
[EventDate "2005.08.01"]

1. Nf3 c5 2. c4 Nc6 3. Nc3 Nf6 4. d4 cxd4 5. Nxd4 e6 6. Ndb5 a6 7. Nd6+ Bxd6 8.
Qxd6 Qe7 9. Bf4 Nh5 10. Qxe7+ Kxe7 11. Bc7 b5 12. O-O-O f5 13. e4 b4 14. Bd6+
Kf7 15. Na4 fxe4 16. Nb6 Ra7 17. g4 Nf6 18. g5 Ng4 19. Bg2 Re8 20. Bxe4 Kg8 21.
Bxc6 dxc6 22. Nxc8 Rxc8 23. f3 1-0

[Event "BCF-ch 92nd"]
[Site "Douglas IOM"]
[Date "2005.08.03"]
[Round "3.14"]
[White "Therrien, Alex"]
[Black "Cumbers, Paul"]
[Result "1-0"]
[WhiteElo "2294"]
[BlackElo "2118"]
[PlyCount "89"]
[EventDate "2005.08.01"]

1. d4 Nf6 2. c4 c5 3. d5 e6 4. Nc3 exd5 5. cxd5 d6 6. Nf3 g6 7. Nd2 Nbd7 8. e4
Bg7 9. Be2 O-O 10. O-O Re8 11. f4 a6 12. a4 Rb8 13. Re1 Nb6 14. Bf3 h5 15. h3
Nh7 16. e5 dxe5 17. a5 Nd7 18. Nc4 exf4 19. Bxf4 Ra8 20. Qd2 Bd4+ 21. Kh1 Rxe1+
22. Rxe1 Nhf6 23. Bd6 Kh7 24. Qf4 Qg8 25. h4 b5 26. axb6 Bb7 27. Na5 Bxc3 28.
bxc3 Bxd5 29. b7 Re8 30. Re7 Rxe7 31. Bxe7 Bxf3 32. gxf3 Qe8 33. b8=Q Qxb8 34.
Qxb8 Nxb8 35. Bxf6 Nd7 36. Bg5 Kg7 37. Kg2 f6 38. Be3 Kf8 39. Nb3 c4 40. Na5
Ke7 41. Nxc4 Ke6 42. Kf2 Kf5 43. Nd6+ Ke5 44. Ne4 a5 45. Ke2 1-0

[Event "BCF-ch 92nd"]
[Site "Douglas IOM"]
[Date "2005.08.03"]
[Round "3.16"]
[White "Pym, Thomas"]
[Black "Stone, Andrew"]
[Result "0-1"]
[WhiteElo "2099"]
[BlackElo "2265"]
[PlyCount "50"]
[EventDate "2005.08.01"]

1. e4 e6 2. d3 d5 3. Nd2 Nf6 4. Ngf3 c5 5. g3 Nc6 6. Bg2 Be7 7. O-O O-O 8. Re1
b5 9. e5 Nd7 10. Nf1 a5 11. h4 b4 12. Bf4 Ba6 13. c4 bxc3 14. bxc3 Rb8 15. c4
dxc4 16. Ng5 Nd4 17. Be4 Bxg5 18. hxg5 cxd3 19. Ne3 Ne2+ 20. Kg2 Rb4 21. Bxh7+
Kxh7 22. Rxe2 dxe2 23. Qh1+ Kg8 24. Qh4 Nxe5 25. Rh1 Bb7+ 0-1

[Event "BCF-ch 92nd"]
[Site "Douglas IOM"]
[Date "2005.08.03"]
[Round "3.18"]
[White "Poobalasingam, Peter"]
[Black "White, Michael JR"]
[Result "0-1"]
[WhiteElo "2067"]
[BlackElo "2200"]
[PlyCount "58"]
[EventDate "2005.08.01"]

1. d4 Nf6 2. c4 g6 3. Nc3 Bg7 4. e4 d6 5. f4 O-O 6. Nf3 Na6 7. Bd3 e5 8. fxe5
dxe5 9. d5 c6 10. O-O cxd5 11. cxd5 Ne8 12. Qe2 Nc5 13. Bc2 b6 14. b4 Ba6 15.
b5 Bb7 16. Be3 Rc8 17. Na4 Nxa4 18. Bxa4 Nd6 19. Bd2 Nxe4 20. Qxe4 Bxd5 21. Qb4
Rc4 22. Qa3 Bxf3 23. Bb3 Qd4+ 24. Kh1 Bxg2+ 25. Kxg2 Qxd2+ 26. Rf2 Rg4+ 27. Kf1
Qd3+ 28. Re2 Rf4+ 29. Ke1 Qc3+ 0-1

[Event "BCF-ch 92nd"]
[Site "Douglas IOM"]
[Date "2005.08.03"]
[Round "3.19"]
[White "Varnam, Liam"]
[Black "Dignam, Matthew P"]
[Result "0-1"]
[WhiteElo "2088"]
[BlackElo "2194"]
[PlyCount "86"]
[EventDate "2005.08.01"]

1. e4 d6 2. d4 g6 3. Nf3 Bg7 4. Nc3 a6 5. a4 b6 6. Bc4 e6 7. O-O h6 8. Be3 Bb7
9. d5 e5 10. h3 Ne7 11. Nh2 g5 12. Qh5 Nd7 13. g3 Nf6 14. Qe2 Qd7 15. Ng4 Nh7
16. f3 f5 17. exf5 Nxf5 18. Kh2 O-O 19. Ne4 Kh8 20. c3 Rf7 21. Bg1 Nf8 22. Ne3
Nxe3 23. Bxe3 Ng6 24. Qd3 Bc8 25. g4 Nh4 26. Kg3 Qe7 27. Bb3 Qf8 28. Nxg5 hxg5
29. Bxg5 Bf5 30. Qe3 Ng6 31. gxf5 Rxf5 32. Bc2 Nf4 33. h4 Bh6 34. Bxf5 Qxf5 35.
Rh1 Rg8 36. Qe4 Rxg5+ 37. Kf2 Rg2+ 38. Kf1 Qf6 39. b4 Qg7 40. Qf5 Rf2+ 41. Ke1
Re2+ 42. Kd1 Rd2+ 43. Kxd2 Qg2+ 0-1

[Event "BCF-ch 92nd"]
[Site "Douglas IOM"]
[Date "2005.08.03"]
[Round "3.20"]
[White "Chaplin, Peter"]
[Black "Storey, Charles"]
[Result "1-0"]
[WhiteElo "2062"]
[BlackElo "2211"]
[PlyCount "51"]
[EventDate "2005.08.01"]

1. Nc3 c5 2. Nf3 g6 3. e4 Bg7 4. d3 Nc6 5. g3 Rb8 6. Bg2 b5 7. O-O b4 8. Ne2 d6
9. Nh4 e5 10. Be3 Nge7 11. Qd2 O-O 12. Bh6 Bxh6 13. Qxh6 Nd4 14. Nxd4 cxd4 15.
f4 Kh8 16. fxe5 dxe5 17. Rf6 Be6 18. Raf1 Qe8 19. R1f2 Rg8 20. Bh3 Bxa2 21. b3
Rg7 22. Ra6 Rb6 23. Rxa7 Qb8 24. Rxe7 g5 25. Qh5 gxh4 26. Rfxf7 1-0

[Event "BCF-ch 92nd"]
[Site "Douglas IOM"]
[Date "2005.08.03"]
[Round "3.21"]
[White "Taylor, Geoffrey"]
[Black "Ilett, Raymond"]
[Result "1-0"]
[WhiteElo "2135"]
[BlackElo "1824"]
[PlyCount "71"]
[EventDate "2005.08.01"]

1. e4 e6 2. d4 d5 3. e5 c5 4. c3 Nc6 5. Nf3 Qb6 6. a3 f6 7. Bd3 fxe5 8. Nxe5
Nxe5 9. dxe5 g6 10. Qe2 Bg7 11. Bb5+ Bd7 12. Bxd7+ Kxd7 13. a4 Ne7 14. O-O Rhf8
15. Na3 Nc6 16. f4 a6 17. Be3 Qa7 18. b4 b6 19. Rad1 cxb4 20. cxb4 Qb7 21. Nc4
Ke7 22. Nd6 Qb8 23. Qb2 Kd7 24. Nc4 Ke7 25. Nxb6 Ra7 26. a5 Rd8 27. Bc5+ Ke8
28. Rc1 Rb7 29. Qe2 Ra7 30. Qg4 Kf7 31. Rfd1 Bf8 32. Bxf8 Rxf8 33. Rxc6 Re8 34.
Qh3 h5 35. Rdc1 Rae7 36. Qh4 1-0

[Event "BCF-ch 92nd"]
[Site "Douglas IOM"]
[Date "2005.08.03"]
[Round "3.23"]
[White "Fraser, Joseph"]
[Black "De Coverly, Roger"]
[Result "1/2-1/2"]
[WhiteElo "1959"]
[BlackElo "2086"]
[PlyCount "55"]
[EventDate "2005.08.01"]

1. e4 e5 2. Nf3 Nc6 3. Bb5 a6 4. Ba4 Nf6 5. O-O Be7 6. Re1 b5 7. Bb3 O-O 8. c3
d5 9. d4 Nxe4 10. dxe5 Be6 11. a4 b4 12. Bc2 Bg4 13. Nbd2 Nc5 14. Nb3 Ne6 15.
Qd3 g6 16. Nfd4 Ncxd4 17. Nxd4 Nxd4 18. Qxd4 Be6 19. cxb4 Qd7 20. Bd3 Rfc8 21.
Bd2 Bf8 22. Rec1 c6 23. Rc2 a5 24. b3 axb4 25. Bxb4 Bxb4 26. Qxb4 d4 27. Bc4 d3
28. Rd2 1/2-1/2

[Event "BCF-ch 92nd"]
[Site "Douglas IOM"]
[Date "2005.08.04"]
[Round "4.2"]
[White "Woodward, Timothy"]
[Black "Conquest, Stuart"]
[Result "1/2-1/2"]
[WhiteElo "2313"]
[BlackElo "2503"]
[PlyCount "164"]
[EventDate "2005.08.01"]

1. d4 e6 2. c4 Bb4+ 3. Nc3 b6 4. Nf3 Bb7 5. g3 Nf6 6. Bg2 Bxc3+ 7. bxc3 d6 8.
O-O Nbd7 9. Qb3 O-O 10. a4 a5 11. Ba3 Rb8 12. Rad1 Qc8 13. Rfe1 Re8 14. Bh3 Ba8
15. Qc2 Qb7 16. Bg2 Qa6 17. Nd2 Bxg2 18. Kxg2 e5 19. e4 Nf8 20. Qd3 Ng6 21. Nf1
Qb7 22. f3 Qc6 23. Ra1 Rbd8 24. Bb2 Nh5 25. Kg1 Qd7 26. Ne3 Rf8 27. Red1 Nf6
28. Nf5 Rfe8 29. Bc1 Rb8 30. Bg5 Nh5 31. Qc2 Qe6 32. Qd3 h6 33. Bc1 Red8 34.
Ra2 Qe8 35. Qd2 Qf8 36. Qg2 Ne7 37. Ne3 Nf6 38. Qh3 Qe8 39. g4 Nh7 40. Nf5 Ng5
41. Qg3 f6 42. h4 Nf7 43. Qh3 Kf8 44. Kh1 Qc6 45. Qf1 g5 46. Ne3 Kg7 47. Qh3
Rh8 48. Kg1 Qd7 49. Qg3 Rbg8 50. Kf2 Qc6 51. Rh1 Kf8 52. Ke1 Ke8 53. Kd1 Kd7
54. Kc2 Rb8 55. Kd1 Qb7 56. Rhh2 Rbd8 57. Rab2 Qc6 58. Ra2 Kc8 59. Rhg2 Kb8 60.
Rh2 Kb7 61. d5 Qd7 62. h5 Rb8 63. Rhb2 Rhc8 64. Qf2 Nd8 65. Rb3 Ka8 66. Nc2 Nb7
67. Be3 Re8 68. Kc1 Nc8 69. Rb5 Na7 70. Na3 Rec8 71. Rab2 Nc5 72. Bxc5 dxc5 73.
Qc2 Rd8 74. Qb3 Qf7 75. Qc2 Nxb5 76. axb5 Kb7 77. Qd3 Re8 78. Re2 Ra8 79. Kb2
a4 80. Ka2 Red8 81. Qc2 Kb8 82. Qb1 Rd6 1/2-1/2

[Event "BCF-ch 92nd"]
[Site "Douglas IOM"]
[Date "2005.08.04"]
[Round "4.3"]
[White "Ward, Chris"]
[Black "Mason, Don"]
[Result "1-0"]
[WhiteElo "2485"]
[BlackElo "2265"]
[PlyCount "67"]
[EventDate "2005.08.01"]

1. d4 Nf6 2. c4 g6 3. f3 d5 4. cxd5 Nxd5 5. e4 Nb6 6. Nc3 Bg7 7. Be3 O-O 8. Qd2
Nc6 9. O-O-O e5 10. d5 Nd4 11. Nb5 Nxb5 12. Bxb5 Bd7 13. Be2 Ba4 14. b3 Bd7 15.
h4 a5 16. h5 a4 17. b4 a3 18. hxg6 fxg6 19. Kb1 Na4 20. Nh3 Qe8 21. Rc1 Rf6 22.
Rxc7 Bf8 23. Ng5 h5 24. g4 Bd6 25. Rc2 Rc8 26. Rxc8 Qxc8 27. Rc1 Qf8 28. Ne6
Rxe6 29. dxe6 Bxe6 30. Bc4 Bxc4 31. Rxc4 Nb2 32. Rc2 h4 33. Qd5+ Kh8 34. Qe6
1-0

[Event "BCF-ch 92nd"]
[Site "Douglas IOM"]
[Date "2005.08.04"]
[Round "4.4"]
[White "Gordon, Stephen"]
[Black "Littlewood, Paul"]
[Result "1/2-1/2"]
[WhiteElo "2390"]
[BlackElo "2355"]
[PlyCount "159"]
[EventDate "2005.08.01"]

1. d4 d5 2. c4 e6 3. Nc3 Nf6 4. cxd5 exd5 5. Bg5 Be7 6. e3 c6 7. Bd3 Nbd7 8.
Nge2 O-O 9. Qc2 Re8 10. O-O h6 11. Bh4 b6 12. f3 c5 13. Bf2 Nf8 14. dxc5 Bxc5
15. Qd2 Ne6 16. Bb5 Bd7 17. Ba6 Bc6 18. Rad1 Qe7 19. Rfe1 Qd7 20. Bd3 d4 21.
exd4 Nxd4 22. Nxd4 Bxd4 23. Bh7+ Nxh7 24. Bxd4 Ng5 25. Be3 Qxd2 26. Bxd2 Rxe1+
27. Bxe1 Ne6 28. Rd6 Rc8 29. Bg3 Kf8 30. Kf2 Ke7 31. Ke2 Bb7 32. Rd2 Rd8 33.
Rxd8 Nxd8 34. Ke3 Kd7 35. Nb5 a6 36. Nd6 Bd5 37. a3 Be6 38. Kd3 Nc6 39. Nc4
Bf5+ 40. Kc3 b5 41. Nb6+ Kd8 42. Nd5 Be6 43. Nc7 Bc8 44. Nd5 Be6 45. Nf4 Bc4
46. Nd3 Bxd3 47. Kxd3 Kd7 48. Be1 Ke6 49. Bc3 f6 50. Ke4 f5+ 51. Kf4 g5+ 52.
Ke3 Kf7 53. g4 Kg6 54. h3 h5 55. b3 hxg4 56. hxg4 fxg4 57. fxg4 Kf7 58. Ke4 Ke6
59. Bd2 Ne5 60. Bxg5 Nxg4 61. Bf4 Nf6+ 62. Kd4 Nd5 63. Bh2 a5 64. Kc5 b4 65. a4
Nc3 66. Bg1 Kd7 67. Kb6 Nxa4+ 68. bxa4 b3 69. Bd4 Kc8 70. Ka7 Kc7 71. Be5+ Kc8
72. Ka8 Kd8 73. Kb7 Kd7 74. Bc3 Kd6 75. Bb2 Kc5 76. Ba3+ Kc4 77. Kb6 b2 78.
Bxb2 Kb4 79. Bc3+ Kxa4 80. Bxa5 1/2-1/2

[Event "BCF-ch 92nd"]
[Site "Douglas IOM"]
[Date "2005.08.04"]
[Round "4.5"]
[White "Morrison, Graham"]
[Black "Rowson, Jonathan"]
[Result "0-1"]
[WhiteElo "2322"]
[BlackElo "2599"]
[PlyCount "68"]
[EventDate "2005.08.01"]

1. Nf3 c5 2. c4 Nc6 3. Nc3 Nf6 4. g3 d5 5. cxd5 Nxd5 6. Bg2 Nc7 7. O-O e5 8. d3
Be7 9. Nd2 Bd7 10. Nc4 f6 11. f4 b5 12. Ne3 exf4 13. gxf4 O-O 14. Bd2 Rc8 15.
Rc1 f5 16. Ned5 Nxd5 17. Nxd5 Bd6 18. Be3 Ne7 19. Qd2 Ng6 20. b4 cxb4 21. Bxa7
Re8 22. Bb6 Qh4 23. Rxc8 Bxc8 24. e3 Qh6 25. Rf3 Ne7 26. Rg3 Nxd5 27. Bxd5+ Be6
28. Bxe6+ Qxe6 29. Bd4 g6 30. Qg2 Rc8 31. h4 b3 32. axb3 Kf7 33. h5 Qxb3 34.
Kh2 Rc2 0-1